<?xml version="1.0" encoding="UTF-8"?>
<record
    xmlns:xsi="http://www.w3.org/2001/XMLSchema-instance"
    xsi:schemaLocation="http://www.loc.gov/MARC21/slim http://www.loc.gov/standards/marcxml/schema/MARC21slim.xsd"
    xmlns="http://www.loc.gov/MARC21/slim">

  <leader>01592agaaa2200313   4500</leader>
  <controlfield tag="001">3917</controlfield>
  <controlfield tag="003">IT-RoPAU</controlfield>
  <controlfield tag="005">20220918181258.0</controlfield>
  <controlfield tag="007">d cvaizq</controlfield>
  <controlfield tag="008">50131s9999||||xx ||| |     ||   ||und||</controlfield>
  <datafield tag="040" ind1=" " ind2=" ">
    <subfield code="a">IT-RoPAU</subfield>
    <subfield code="c">IT-RoPAU</subfield>
  </datafield>
  <datafield tag="041" ind1=" " ind2=" ">
    <subfield code="a">ITALIANO</subfield>
  </datafield>
  <datafield tag="100" ind1=" " ind2=" ">
    <subfield code="a">Disney Walt</subfield>
    <subfield code="g">Codice regista SPICS: 7184</subfield>
    <subfield code="9">36689</subfield>
  </datafield>
  <datafield tag="130" ind1=" " ind2=" ">
    <subfield code="a">BIANCANEVE E I SETTE NANI</subfield>
    <subfield code="9">52097</subfield>
  </datafield>
  <datafield tag="240" ind1=" " ind2=" ">
    <subfield code="a">SNOW WHITE AND THE SEVEN DWARFS</subfield>
    <subfield code="g">T2946</subfield>
  </datafield>
  <datafield tag="245" ind1=" " ind2=" ">
    <subfield code="a">BIANCANEVE E I SETTE NANI</subfield>
    <subfield code="c">Diretto da: Disney Walt</subfield>
    <subfield code="p">BIANCANEVE E I SETTE NANI (Rif. Codice opera principale : D3917)</subfield>
  </datafield>
  <datafield tag="246" ind1=" " ind2=" ">
    <subfield code="a">SNOW WHITE AND THE SEVEN DWARFS</subfield>
  </datafield>
  <datafield tag="250" ind1=" " ind2=" ">
    <subfield code="a">Edizione Standard</subfield>
  </datafield>
  <datafield tag="260" ind1=" " ind2=" ">
    <subfield code="a">MILANO (STATI UNITI)</subfield>
    <subfield code="b">WALT DISNEY COMPANY / </subfield>
    <subfield code="g">"1993 (1&#xB0; ed.: 1994 ; Ed. Lingua Orig.: 1993)"</subfield>
  </datafield>
  <datafield tag="300" ind1=" " ind2=" ">
    <subfield code="a">VHS</subfield>
    <subfield code="b">sonoro, col.</subfield>
    <subfield code="c">80 minuti</subfield>
  </datafield>
  <datafield tag="511" ind1=" " ind2=" ">
    <subfield code="a">Animazione</subfield>
  </datafield>
  <datafield tag="520" ind1=" " ind2=" ">
    <subfield code="a">C'ERA UNA VOLTA UNA REGINA CATTIVA CHE PRETENDEVA DI ESSERE LA DONNA PIU' BELLA DEL MONDO. MA LA FIGLIASTRA BIANCANEVE LA SUPERAVA IN GRAZIA E BELLEZZA E PER QUESTO DOVEVA SOCCOMBERE. BIANCANEVE TROVO' COSI' RIFUGIO NEL BOSCO, OSPITE DI SETTE ADORABILI NANETTI: DOTTO GONGOLO BRONTOLO PISOLO EOLO MAMMOLO E CUCCIOLO. MA UN GIORNO UNA VECCHIETTA MISTERIOSA BUSSA ALLA PORTA EOFFRE A BIANCANEVE LA MELA AVVELENATA. VIDEOCASSETTA IN VERSIONE RESTAURATA.</subfield>
  </datafield>
  <datafield tag="538" ind1=" " ind2=" ">
    <subfield code="a">PAL, STEREO</subfield>
  </datafield>
  <datafield tag="546" ind1=" " ind2=" ">
    <subfield code="a">ITALIANO</subfield>
  </datafield>
  <datafield tag="650" ind1=" " ind2=" ">
    <subfield code="a">ANIMAZIONE</subfield>
    <subfield code="e">FILMS [VHS]</subfield>
    <subfield code="x">Codice MATERIA SPICS: 9960</subfield>
    <subfield code="9">52098</subfield>
  </datafield>
  <datafield tag="700" ind1=" " ind2=" ">
    <subfield code="a">Disney Walt </subfield>
    <subfield code="e">(regista)</subfield>
    <subfield code="g">Codice regista SPICS: 7184</subfield>
    <subfield code="9">36689</subfield>
  </datafield>
  <datafield tag="700" ind1=" " ind2=" ">
    <subfield code="a">Disney Walt </subfield>
    <subfield code="e">(soggetto)</subfield>
    <subfield code="g">Codice Soggetto SPICS: 7184</subfield>
    <subfield code="9">52099</subfield>
  </datafield>
  <datafield tag="942" ind1=" " ind2=" ">
    <subfield code="c">VH</subfield>
    <subfield code="2">ddc</subfield>
  </datafield>
  <datafield tag="999" ind1=" " ind2=" ">
    <subfield code="c">107436</subfield>
    <subfield code="d">107436</subfield>
  </datafield>
  <datafield tag="952" ind1=" " ind2=" ">
    <subfield code="0">0</subfield>
    <subfield code="1">0</subfield>
    <subfield code="4">0</subfield>
    <subfield code="6">D_3917_000000000000000</subfield>
    <subfield code="7">1</subfield>
    <subfield code="a">SPICS</subfield>
    <subfield code="b">SPICS</subfield>
    <subfield code="d">2015-01-31</subfield>
    <subfield code="l">0</subfield>
    <subfield code="o">D3917</subfield>
    <subfield code="r">2015-01-31 00:00:00</subfield>
    <subfield code="w">2015-01-31</subfield>
    <subfield code="y">VH</subfield>
    <subfield code="z">Progr. Ins.: 654 / N.Vol.:1 / Copie: 1 / Pag.: / Copia rara: n.d. / date import: 1.2.2015 / By Epidotti, Trombetti, Vaglietti</subfield>
  </datafield>
</record>
